00646nam a2200181 i 450000100060000000300090000600500170001500700030003200800410003510000280007624500970010426000340020130000220023570000360025785200320029399900170032595201220034285845ES-MaACL20230906175324.0t|041202s1967 sp ||||1| spa d1 aKaden, Helmut E.96738710aManual moderno de transistores / cHelmut E. Kaden ; [traducido por Antonio Perianes Carro]. aMadrid : bParaninfo, c1967. a240 p. ; c22 cm.1 aPerianes Carro, Antonio.991244 aES-MaACLjC-34084 bR.64595 c85845d85845 00104070aATENEOMbATENEOMcDEPO2d2008-01-17eSCl0oC-34084p1089710r2023-02-23 00:00:00w2023-02-23yMONOGRAFIA